000 00407nam a2200169Ia 4500
008 221030s9999 xx 000 0 und d
020 _a0074623532
041 _aEnglish
082 _a105.23
_bKum
100 _aRam Kumar
245 0 _aProgramming in ANSI C
_cby Ram Kumar, R. Agrawal
260 _bTMH
_aNew Delhi
_c2000
300 _a452
650 _aBE Computer
700 _aR. Agrawal
942 _cBK
999 _c1138
_d1138